000 00428nam a2200157 i 4500
001 68205
003 ES-MaACL
005 20230906170225.0
007 t|
008 040611s1971 sp ||||1| spa d
100 1 _aGarcía, Ciro.
_954006
245 1 0 _aCorrientes nuevas de teología espiritual /
_cCiro García.
260 _aMadrid :
_bStudium,
_c[1971]
300 _a278 p. ;
_c21 cm.
852 _aES-MaACL
_jC-46410
_bR.77422
999 _c68205
_d68205